000 00488nam a2200145Ia 4500
008 231129s1997||||xx |||||||||||||| ||spa||
020 _a958-660-026-2
040 _bspa
082 _a370.9861 U58
100 _aUniversidad Pedagógica Nacional. Centro de Investigación (Bogotá)
245 0 _aResúmenes analí­ticos en historia de la Universidad Colombiana
260 _c1997
264 _aUniversidades Colombianas de Cauca
942 _2ddc
_cBKS
999 _c24041
_d24041